| 000 | 01225 a2200229 4500 | ||
|---|---|---|---|
| 001 | 24669 | ||
| 005 | 20260407155530.0 | ||
| 008 | 260407a2000 arg spa d | ||
| 003 | AR-UNSa-BCEJYS | ||
| 040 |
_aAR-UNSa-BCEJYS _bspa _cAR-UNSa-BCEJYS |
||
| 080 |
_a657.3 _xPresupuestos. Cierre de Cuentas. Balances (Estados Contables) |
||
| 245 | 1 | 0 | _aAnálisis e interpretación de estados contables |
| 250 | _a11a. ed | ||
| 264 | 1 |
_aBuenos Aires : _bReisa _c2000 |
|
| 300 |
_a183 p. _c23 cm. |
||
| 505 | _a1. Objetivos y destinatarios y evolución - 2. Fuentes de información - 3. Composición vertical-estructura - 4. Análisis horizontal - tendencias - 5. Tasas de rentabilidad - 6. Formulas de Dupont - Márgenes y rotaciones - 7. Capital de trabajo - 8. Indice de liquidez corriente - 9. Liquidez seca - 10. Liquidez total - 11. Endeudamiento - 12. Financiación de inmovilización - 13. El informe económico - financiamiento. | ||
| 942 | _cBK | ||
| 590 | _aniveau_biblio:m niveau_hierar:0 | ||
| 100 | 1 | _aSenderovich, Isaac Aizik | |
| 700 | 1 | _aTelias, Alejandro J. | |
| 856 | 4 | 1 |
_uhttps://biblioeco.unsa.edu.ar/pmb/images/libros/Analisis e Interpretacion de Estados Contables2-l86757.jpg _yImagen de portada _qimage/jpeg |
| 999 |
_c1214 _d1214 |
||